Gowthamabudhan (Record no. 16326)
[ view plain ]
| 000 -LEADER | |
|---|---|
| fixed length control field | 00217nam a22000977a 4500 |
| 003 - CONTROL NUMBER IDENTIFIER | |
| control field | OSt |
| 008 - FIXED-LENGTH DATA ELEMENTS--GENERAL INFORMATION | |
| fixed length control field | 200922b ||||| |||| 00| 0 eng d |
| 100 ## - MAIN ENTRY--AUTHOR NAME | |
| Personal name | Dr. S. Radhakrishnan |
| 245 ## - TITLE STATEMENT | |
| Title | Gowthamabudhan |
| 942 ## - ADDED ENTRY ELEMENTS (KOHA) | |
| Koha item type | Books |
| Withdrawn status | Lost status | Damaged status | Collection code | Home library | Current library | Date acquired | Cost, normal purchase price | Accession Number | Koha item type |
|---|---|---|---|---|---|---|---|---|---|
| Withdrawn | General Books | KAUAET | KAUAET | 22/09/2020 | 1.00 | 135 | Books |
